000 00577nam a2200181 a 4500
001 000023187
005 20200930022038.0
008 101130s1988 cu r 000 0 spa d
040 _aDO-SdBNP
_bspa
_cBNPHU
082 _axxxxx
_bG939t
100 1 _aGuevara, Ernesto,
_d1928-1967
_919253
245 1 0 _atemas económicos /
_cedición Ernesto Chávez Álvarez.
260 _aLa Habana :
_bCiencias Sociales,
_c1988.
300 _avi, 442 p. ;
_c23 cm.
500 _aIncluye notas al pie de las páginas.
700 1 _aChávez Álvarez, Ernesto,
_eed.
_95573
830 0 _aBNGR
_947735
999 _c22684
_d22684